| 000 | 00456nam a2200133Ia 4500 | ||
|---|---|---|---|
| 008 | 171207s9999 xx 000 0 und d | ||
| 100 | _aAlper, Meryl | ||
| 245 | _aDigital technology and rights in the lives of children with disabilities | ||
| 245 | _cMeryl Alper, Gerard Goggin | ||
| 260 | _c2017 | ||
| 300 | _apages 726-40, May 2017 | ||
| 440 |
_aNew Media & Society _v19:5 |
||
| 650 | _aCHILDREN, DIGITAL TECHNOLOGY, DISABILITY, INTERNET, MEDIA, RIGHTS | ||
| 999 |
_c347541 _d347541 |
||